| 000 | 00480nam a2200205Ia 4500 | ||
|---|---|---|---|
| 003 | 0100 | ||
| 008 | 130303s9999 xx 000 0 und d | ||
| 040 | _cARRUPELIB | ||
| 050 | _aB3317.S615 1973 | ||
| 100 | _aSolomon, Robert C | ||
| 245 | _aNietzsche | ||
| 245 | _ba collection of critical cssays | ||
| 260 | _aNew York | ||
| 260 | _bAnchor Books | ||
| 260 | _C1973 | ||
| 300 | _avii | ||
| 300 | _b 391p. 18cm. | ||
| 650 | _bPhilosophical anthropology | ||
| 942 | 0 | 0 | _09 |
| 999 |
_c31215 _d31215 |
||